| 000 | 00567nam a2200205 a 4500 | ||
|---|---|---|---|
| 001 | 4015 | ||
| 005 | 20140414131921.0 | ||
| 008 | 040601s19uu xx 00 eng d | ||
| 020 | _a0-307-30200-8 | ||
| 050 |
_aER _bP75 1995 |
||
| 100 | _aKorman, Justine | ||
| 245 |
_aPocahontas / _cby Justine Korman ; illustrated by Don Williams. |
||
| 260 |
_aNew York : _bA Golden Book, _c1995. |
||
| 300 | _a1 v. : ill. ; cm. | ||
| 440 | _aDisney's Pocahontas | ||
| 650 |
_aPowhatan Indians _xFiction. |
||
| 650 | _aChildren stories. | ||
| 999 |
_c111737 _d111737 |
||